| Поле | Инд. | ПП | Название | Значение |
|---|---|---|---|---|
| Тип записи | a | |||
| Библиографический уровень | m | |||
| 001 | Контрольный номер | c5ba39456a194a48a9eec827972fb4fb | ||
| 005 | Дата корректировки | 20260703143114.9 | ||
| 040 | a | Служба первич. каталог. | 10013504 | |
| b | Код языка каталог. | rus | ||
| e | Правила каталог. | PSBO | ||
| 041 | 0_ | a | Код языка текста | rus |
| 090 | a | Полочн. индекс | 536 | |
| x | Авторский знак | В 748 | ||
| r | Идентификатор организации | 10013504 | ||
| 245 | 10 | a | Заглавие | Вопросы теории лучистого теплообмена |
| c | Ответственность | редкол.: Ю,А. Суринов (отв. ред.) и др. | ||
| 260 | a | Место издания | Краснодар | |
| c | Дата издания | 1969 | ||
| 300 | a | Объем | 189 с. | |
| b | Иллюстрации/ тип воспроизводства | ил. | ||
| 440 | _0 | a | Серия | Научные труды / Краснодарский политехнический институт. |
| v | N тома | Вып.23, № 4 | ||
| 504 | a | Библиография | Библиогр. в конце ст. | |
| 650 | 04 | a | Основная рубрика | Теплообмен лучистый |
| 653 | 0_ | a | Ключевые слова | ЛУЧИСТЫЙ ТЕПЛООБМЕН; ТЕПЛООБМЕН ЛУЧИСТЫЙ; ТЕПЛООБМЕН ЛУЧИСТЫЙ |
| 700 | 12 | a | Другие авторы | Суринов Ю.А. |
| e | Роль лиц | Редактор | ||
| 710 | 12 | a | Организация/ юрисдикция | Краснодарский политехнический институт |
| 901 | t | Тип документа | m | |
| 952 | a | Тип литературы для КСУ ВШ | КНР | |
| c | Вид литературы | монография |